Countries With The Most Internet Users - Statistics

General Stats
  • This quiz has been taken 48 times
  • The average score is 17 of 20
Answer Stats
Internet users Answer % Correct
140,908,992 Brazil
100%
751,886,144 China
100%
114,920,480 Russia
100%
61,784,880 United Kingdom
100%
72,202,776 Germany
97%
446,759,328 India
97%
285,519,008 United States
97%
55,265,720 France
94%
106,725,640 Japan
94%
104,563,104 Indonesia
88%
82,843,368 Mexico
88%
49,309,956 South Korea
88%
46,305,300 Italy
82%
42,478,992 Spain
82%
58,117,320 Iran
79%
85,450,048 Nigeria
74%
63,588,976 Philippines
74%
46,644,728 Egypt
71%
57,725,144 Turkey
65%
68,267,872 Vietnam
65%
No matching quizzes found
Score Distribution
Percent of People with Each Score
Percentile by Number Answered
Your Score History
You have not taken this quiz